000 02270nam a22003971i 4500
003 OSt
005 20250312153237.0
008 210131t20202020enka|||jr|||| 001 0 eng d
020 _a9780241443897
_cRM 40.95
_qpaperback
040 _aPPAK
_beng
_cPPAK
_erda
082 0 4 _223
_a 363.70092
090 _a 363.70092
_bJIN
_dK
100 1 _aJina, Devika,
_eauthor.
245 1 2 _aTHE EXTRAORDINARY LIFE OF GRETA THUNBERG /
_cWritten by Devika Jina ; Illustrated by Petra Braun.
246 3 0 _aGreta Thunberg
264 1 _aLondon :
_bPuffin,
_c2020
264 4 _c©2020.
300 _a121 pages :
_billustrations ;
_c20 cm
336 _atext
_2rdacontent
336 _astill image
_2rdacontent
337 _aunmediated
_2rdamedia
338 _avolume
_2rdacarrier
500 _aIncludes an excerpt from 'The extraordinary life of Michelle Obama'.
504 _a Includes bibliographical references and index.
520 _aGreta Thunberg is an activist best known for calling attention to the devastating effects of climate change on our planet. A bold voice even against people that want to silence her, Greta has become a source of inspiration for millions of people who want to work towards tackling the climate crisis. From taking part in school strikes and owning that her Asperger syndrome is her superpower, to crossing the Atlantic Ocean in a powerful stand against carbon emissions, this is the incredible story of a schoolgirl who is changing the world. Collect them all! Packed full of incredible stories, fantastic facts and dynamic illustrations, Extraordinary Lives shines a light on important modern and historical figures from all over the world.
521 _aPre-adolescent.
600 1 0 _aThunberg, Greta,|
_d2003-
_vJuvenile literature.
650 0 _aWomen environmentalists
_vBiography
_vJuvenile literature.
_zSweden
650 0 _aChild environmentalists
_vBiography
_vJuvenile literature.
_zSweden
650 0 _aEnvironmentalists
_vBiography
_vJuvenile literature.
_zSweden
650 0 _aEnvironmental protection
_vJuvenile literature.
_xCitizen participation
650 0 _aClimatic changes
_vJuvenile literature.
655 7 _aBiographies.
_2lcgft
700 1 _aBraun, Petra,
_eillustrator.
942 _2ddc
_cB
999 _c181681
_d181681